000 00655nam a2200241Ia 4500
005 20260430150111.0
008 008 250103s9999 xx 000 0 eng d
037 _aTheses
040 _aCRL
040 _beng
040 _ceng
041 _2eng
041 _aeng
084 _qCRL
100 _aSharma Prerana Au.; Khare Avinash Gu.
_91236461
245 0 _aStrong coupling effects on different instabilities in non-ideal plasma
260 _c2022
300 _a122p.
650 _aScience
700 _aUniversity of Delhi. Faculty of Science. Department of Physics and Astrophysics
_9519380
942 _cTH
999 _c1848944
_d1848944